000 00372nam a2200145Ia 4500
005 20250401014730.0
008 240331s9999 xx 000 0 und d
082 _bVIL
_a894
100 _aVilvarathinam, K
245 0 _aViduthalai Mugam
260 _aColombo
_bPoorani Publication
_c2007
300 _a104 p .,
500 _aLate S. Vilvarathnam Meorable Poems
942 _cL
999 _c5737
_d5737